[Event "Steinfurt Bezirksklasse 0203"]
[Site "Germany"]
[Date "2003.02.15"]
[Round "5.5"]
[White "Werremeyer, Guido"]
[Black "Kloetzing, Johannes"]
[Result "1-0"]
[WhiteElo "1244"]
[BlackElo "1263"]
[PlyCount "149"]
[EventDate "2002.09.28"]
[EventType "team-tourn"]
[EventRounds "7"]
[EventCountry "GER"]
[SourceTitle "EXT 2005"]
[Source "ChessBase"]
[SourceDate "2004.11.15"]
[SourceVersion "1"]
[SourceVersionDate "2004.11.15"]
[SourceQuality "1"]
[WhiteTeam "Westerkappeln II"]
[BlackTeam "Steinfurt IV"]
[WhiteTeamCountry "GER"]
[BlackTeamCountry "GER"]

1. e4 e5 2. Nf3 Nc6 3. Bb5 Nf6 4. Nc3 Bc5 5. Bxc6 dxc6 6. Nxe5 Qd4 7. Nd3 0-0 8. Nxc5 Qxc5 9. 0-0 Bg4 10. Qe1 Rfe8 11. d3 Qd4 12. Qe3 Rad8 13. Qxd4 Rxd4 14. Be3 Rd7 15. Bxa7 b6 16. f3 Be6 17. e5 Nd5 18. a4 Bf5 19. Nxd5 Rxd5 20. g4 Bd7 21. a5 Rb5 22. axb6 cxb6 23. b3 Rexe5 24. Bb8 Re8 25. Bg3 Ra5 26. Bf2 Rxa1 27. Rxa1 b5 28. Re1 Rxe1+ 29. Bxe1 Kf8 30. d4 Ke7 31. Kf2 Ke6 32. Ke3 f6 33. h4 Kd5 34. Bb4 g6 35. Kd3 Bc8 36. Bf8 Ba6 37. b4 f5 38. Bg7 Bc8 39. g5 Ba6 40. c3 Bc8 41. Ke3 Kc4 42. d5 cxd5 43. Bd4 Bd7 44. Kf4 Kd3 45. Ke5 Ke2 46. f4 Bc6 47. Kd6 Ba8 48. Kc5 Kf3 49. Be5 Kg4 50. Kxb5 Kxh4 51. Kc5 Kh5 52. b5 h6 53. gxh6 Kxh6 54. Bf6 Kh5 55. Kd6 Kg4 56. Bg5 Kf3 57. Kc7 Ke3 58. Kb8 Kd3 59. Kxa8 Kxc3 60. b6 d4 61. b7 d3 62. b8Q d2 63. Qc7+ Kd3 64. Qd6+ Ke3 65. Qe5+ Kd3 66. Qa1 Ke2 67. Kb7 d1Q 68. Qxd1+ Kxd1 69. Kc6 Ke2 70. Kd6 Kf3 71. Ke5 Kg4 72. Kf6 Kh5 73. Kg7 Kg4 74. Kxg6 Kg3 75. Kxf5 1-0

[Event "Steinfurt Bezirksklasse 0203"]
[Site "Germany"]
[Date "2002.11.09"]
[Round "2.5"]
[White "Kumpmann, Ulrich"]
[Black "Werremeyer, Guido"]
[Result "1-0"]
[WhiteElo "1330"]
[BlackElo "1244"]
[PlyCount "21"]
[EventDate "2002.09.28"]
[EventType "team-tourn"]
[EventRounds "7"]
[EventCountry "GER"]
[SourceTitle "EXT 2005"]
[Source "ChessBase"]
[SourceDate "2004.11.15"]
[SourceVersion "1"]
[SourceVersionDate "2004.11.15"]
[SourceQuality "1"]
[WhiteTeam "Nordwalde III"]
[BlackTeam "Westerkappeln II"]
[WhiteTeamCountry "GER"]
[BlackTeamCountry "GER"]

1. e4 e5 2. Nf3 Nc6 3. Nc3 Nf6 4. Bb5 Bc5 5. h3 Nd4 6. Nxe5 Nxb5 7. Nxb5 Nxe4 8. d4 Be7 9. Qf3 Ng5 10. Bxg5 Bxg5 11. Qxf7# 1-0